000 01471 a2200193 4500
001 59479
005 20260407155849.0
008 260407a1966 arg spa d
003 AR-UNSa-BCEJYS
040 _aAR-UNSa-BCEJYS
_bspa
_cAR-UNSa-BCEJYS
080 _a330.34
_xDesarrollo Económico
245 1 0 _aEl desarrollo económico y la poítica fiscal
264 1 _aBuenos Aires :
_bEdiciones Macchi
_c1966
300 _a226 p.
_c23 cm.
505 _aPrimera Parte: Las ideas y doctrinas que vinculan a la política fiscal con el desarrollo económico: 1. De las finanzas públicas a la política fiscal como integrante de la política económica - Segunda Parte: Examen crítico de la evolución de las finanzas públicas nacionales: 2. Historia y evolución de las finanzas públicas nacionales hasta 1930 - 3. La reestructuración financiera posterior a 1930 - 4. El ordenamiento financiero inaugurado en 1946 - 5. Los orígenes de la situación actual - Tercera Parte: La incompatibilidad de la política fiscal argentina con el desarrollo global de la economía y proposiciones para superarla: 6. Las características mas notorias en la evolución de las finanzas públicas nacionales - 7. Observaciones acerca de las características y los efectos económicos de la política fiscal - 8. Proposiciones para compatibilizar la política fiscal con el desarrollo económico
942 _cBK
590 _aniveau_biblio:m niveau_hierar:0
100 1 _aForino, Sabatino A.
999 _c6701
_d6701